| 000 | 00976nam a2200217Ia 4500 | ||
|---|---|---|---|
| 999 |
_c44841 _d44841 |
||
| 001 | 11655 | ||
| 003 | GE_BSU | ||
| 005 | 20211202114931.0 | ||
| 008 | 211202s1965 enk||||| |||| 00| 0 eng d | ||
| 040 | _cGE_BSU | ||
| 080 | _a008+94 B-25 | ||
| 100 |
_aBarnes, Harry Elmer. _913140 |
||
| 245 | 3 |
_aAn intellectual and cultural history of the western world : _bVolume two from the renaissance through the Eighteeth century / _cEditor:Bernard Myers |
|
| 264 |
_aLondon : _bDistributed by Heron Books, _c1965. |
||
| 300 |
_a404 p; _b22 cm. |
||
| 653 | _aAn intellectual and cultural history of the western world. | ||
| 653 | _aდასავლური სამყაროს ინტელექტუალური და კულტურული ისტორია | ||
| 653 | _aИнтеллектуальная и культурная история западного мира | ||
| 700 |
_aMyers, Bernard _eრედაქტორი _913141 |
||
| 942 |
_cBK _2udc |
||